[Event "ROM-ch U10 Girls"]
[White "Nicula, Delia Maria"]
[Black "Otetea, Ioana"]
[Site "Calimanesti"]
[Round "5"]
[Result "0-1"]
[Date "2014.04.09"]
[WhiteElo "1001"]
[BlackElo "1369"]
[PlyCount "166"]
[EventDate "2014.04.06"]
[EventType "swiss"]
[EventRounds "9"]
[EventCountry "ROU"]
[SourceTitle "CBM 160 Extra"]
[Source "ChessBase"]
[SourceDate "2014.07.01"]
[SourceVersion "1"]
[SourceVersionDate "2014.07.01"]
[SourceQuality "1"]

1. e4 e5 2. Nf3 Nc6 3. Nc3 Nf6 4. d4 exd4 5. Nxd4 d6 6. Bc4 Be7 7. Bg5 0-0 8. Nxc6 bxc6 9. Qf3 Bb7 10. 0-0 h6 11. Be3 Re8 12. Qg3 Kh8 13. Ne2 Nxe4 14. Qf4 d5 15. Bd3 Bf6 16. Ng3 Nxg3 17. Qxg3 Qd7 18. Qf3 Qe6 19. Bf5 Qe5 20. Qh3 g6 21. Qxh6+ Kg8 22. Bxg6 fxg6 23. Qxg6+ Kf8 24. h4 Ke7 25. Rfe1 Kd7 26. Bd2 Qd6 27. Qf5+ Kd8 28. Bf4 Qf8 29. Qh7 Qg7 30. Qh5 Rg8 31. g3 Qg6 32. Qxg6 Rxg6 33. Kg2 Bxh4 34. Rh1 Bf6 35. Rae1 Kd7 36. c4 Rg7 37. cxd5 cxd5 38. Rh6 Be7 39. Rc1 c6 40. a3 c5 41. Be5 d4+ 42. f3 Rg5 43. Bf4 Rd5 44. b4 d3 45. Rd1 cxb4 46. Rc1 Rc8 47. Rd1 bxa3 48. Rhh1 a2 49. Ra1 Rc2+ 50. Kh3 Rh5+ 51. Kg4 Rxh1 52. Rxh1 d2 53. Rd1 Bf6 54. Bxd2 a1Q 55. Bc3+ Kc6 56. Bxa1 Bxa1 57. Rxa1 Rc4+ 58. f4 Bc8+ 59. Kh4 Kb5 60. Rb1+ Kc5 61. Rf1 a5 62. Ra1 a4 63. Kg5 Rc3 64. Kh4 a3 65. g4 Be6 66. g5 a2 67. g6 Rb3 68. Rc1+ Kb4 69. Re1 Rb1 70. Re4+ Kb3 71. Re3+ Kb4 72. Re4+ Bc4 73. g7 a1Q 74. g8Q Rh1+ 75. Kg5 Qg1+ 76. Kf5 Qxg8 77. Ke5 Qe8+ 78. Kd4 Rd1+ 79. Ke3 Rd3+ 80. Kf2 Qxe4 81. f5 Rf3+ 82. Kg2 Qg4+ 83. Kh2 Rh3# 0-1